000
00333nam a2200121Ia 4500
008
180130s9999||||xx |||||||||||||| ||und||
020
_c
NT1600
_a
978-986-320-634-7
100
_a
江賢二
245
0
_c
江賢二
_a
江賢二:紙上作品‧雕塑‧地景藝術
250
_a
一版
260
_c
2014.12
_a
台北市
300
_c
cm.
_a
p.
942
_2
ccl
_c
BOOK
999
_c
715
_d
715